000 00580nam a2200181Ia 4500
008 100920s9999 xx 000 0 und d
082 _b7050
_a491.462 0
100 _aकोल्हटकर प्रभाकर श्रीपाद.
245 _aअलका टॉकीज.
260 _bमॉडर्न बुक डेपो, पुणे. 2.
_c1951
300 _a71
_bसाधी
365 _b1
520 _aनाटक.
630 _aअलका टॉकीज.
650 _aनाटक.
730 _aअलका टॉकीज.
942 _cBOOK
999 _c675156
_d675153